000 01224nam a2200313 i 4500
001 000026086
003 DO-SdBNP
005 20260514143059.0
007 ta
008 110301s1983 dr 000 0 spa d
040 _aDO-SdBNP
_bspa
_cBNPHU
_erda
041 _aspa
082 4 _a304.6097293
_bS471p 1983
_222
111 1 _aSeminario Población y Sociedad
_d(1983 :
_cSanto Domingo)
_953030
245 1 0 _aPoblación y sociedad.
264 _aSanto Domingo,
_bConsejo Nacional de Población y Familia,
_c[1983?].
300 _a845 páginas ;
_c28 cm
336 _atexto
_btxt
_2rdacontent
337 _asin mediación
_bn
_2rdamedia
338 _avolumen
_bnc
_2rdacarrier
500 _aIncluye notas al pie de las páginas
590 _aInventariado, 2026, MFF
651 7 _aRepública Dominicana
_xPoblación
_y1961-
_zCongresos
_2LEMB
_989550
651 7 _aRepública Dominicana
_xCondiciones económicas
_y1961-
_vCongresos, conferencias, erc.
_2LEMB
_989551
651 7 _aRepública Dominicana
_xCondiciones sociales
_y1961-
_zCongresos, conferencias, etc.
_989552
710 2 _aConsejo Nacional de Población y Familia (República Dominicana)
_989553
910 _aValidado. Control de calidad MFF
942 _2ddc
_cLBS1
999 _c25578
_d25578